Giáo trình english for business II : Intensive reading (Dùng trong các trường THCN)
Nội dung tài liệu bao gồm các phần từ vựng, ngữ pháp, đọc hiểu và bài tập về chuyên ngành thương mại
Đã lưu trong:
| Príomhúdar: | |
|---|---|
| Formáid: | Leabhar |
| Teanga: | Undetermined |
| Foilsithe: |
Hà Nội
Nhà xuất bản Hà Nội
2007
|
| Ábhair: | |
| Clibeanna: |
Cuir Clib Leis
Gan Chlibeanna, Bí ar an gcéad duine leis an taifead seo a chlibeáil!
|
| Thư viện lưu trữ: | Trung tâm Học liệu Trường Đại học Cần Thơ |
|---|
| LEADER | 00845nam a2200217Ia 4500 | ||
|---|---|---|---|
| 001 | CTU_142671 | ||
| 008 | 210402s9999 xx 000 0 und d | ||
| 020 | |c 13000 | ||
| 082 | |a 428.24 | ||
| 082 | |b M103 | ||
| 100 | |a Trần, Thị Phương Mai | ||
| 245 | 0 | |a Giáo trình english for business II : | |
| 245 | 0 | |b Intensive reading (Dùng trong các trường THCN) | |
| 245 | 0 | |c Trần Thị Phương Mai (chủ biên) | |
| 260 | |a Hà Nội | ||
| 260 | |b Nhà xuất bản Hà Nội | ||
| 260 | |c 2007 | ||
| 520 | |a Nội dung tài liệu bao gồm các phần từ vựng, ngữ pháp, đọc hiểu và bài tập về chuyên ngành thương mại | ||
| 650 | |a English language,Tiếng Anh | ||
| 904 | |i Duy Bằng | ||
| 980 | |a Trung tâm Học liệu Trường Đại học Cần Thơ | ||